| 000 | 00801nam a2200277Ia 4500 | ||
|---|---|---|---|
| 003 | OSt | ||
| 005 | 20220927105748.0 | ||
| 006 | a|||||r|||| 00| 0 | ||
| 007 | ta | ||
| 008 | 220926b |||||||| |||| 00| 0 eng d | ||
| 020 | _a97892212792211 | ||
| 024 | _a206902 | ||
| 037 | _cReference Collections | ||
| 040 |
_aRTL _cRTL _beng |
||
| 041 |
_2eng _aeng |
||
| 082 | _a"X:9, Q3/GD" | ||
| 100 | _aWORLD BANK | ||
| 110 | _aWORLD BANK | ||
| 245 | 0 |
_aTowards a model apprenticeship framework _b A comparative analysis of national apprenticeship systems |
|
| 260 |
_aNew _b"Delhi, World Bank, " _c2013 |
||
| 300 |
_a"v,156p." _ccm. |
||
| 500 | _aBibliography: P 263-91 | ||
| 700 | _aWORLD BANK | ||
| 942 |
_h"X:9, Q3/GD" _cCC |
||
| 999 |
_c694480 _d694480 |
||